000 00445nam a2200157 a 4500
001 000017269
005 20240305102114.0
008 100322s19uu dr 000 0 spa d
040 _aDO-SdBNP
_bspa
_cBNPHU
082 _axxx
_bL789f
100 1 _aLizardo, Fradique,
_d1930-1997
_962027
245 1 0 _aFolklore dominicano :
_bLa Caleta /
_cFradique Lizardo.
260 _aSanto Domingo :
_b[sn.],
_c[s.f].
300 _a6p. ;
_c22 cm.
049 _aBNPD
999 _c16794
_d16794